000 00886nam a22001937a 4500
999 _c370831
_d370831
008 201130b ||||| |||| 00| 0 eng d
040 _bger
_cDE-2950
_erda
_aDE-2950
041 _ager
100 _aBlees Janine:
245 _aBerührende Musik ohne Berührung.
_bMusik: Mit Kindern im Alter von 13 bis 18 Jahren spielt das Brandenburgische Staatsorchester Frankfurt (BSOF) heute ein ganz besonderes Programm. Zu hören gibt es unter anderem einen Smartphone-Chor, ein Schreibmaschinenstück - und ein Theremin./
_cBlees Janine
264 _c2021
653 _aFrankfurt (Oder)
653 _aBrandenburgische Staatsorchester Frankfurt
773 _dFrankfurt (Oder): Märkisches Verlags- und Druckhaus GmbH & Co KG
_g32. Jahrgang (2021) Nr. 222 vom 23.09.2021, S. 15
_tMärkische Oderzeitung
942 _cA